Catálogo público

Ponencias / (Record no. 199215)

MARC details
000 -CABECERA
campo de control de longitud fija 00720nam a2200253Ia 4500
001 - NÚMERO DE CONTROL
campo de control Para_460
003 - IDENTIFICADOR DEL NÚMERO DE CONTROL
campo de control CHAP
008 - DATOS DE LONGITUD FIJA--INFORMACIÓN GENERAL
campo de control de longitud fija 220125s1979 xx 000 0 und d
010 ## - NÚMERO DE CONTROL DE LA BIBLIOTECA DEL CONGRESO
Número de control de LC 199215
040 ## - FUENTE DE LA CATALOGACIÓN
Centro/agencia transcriptor CHAP
082 ## - NÚMERO DE LA CLASIFICACIÓN DECIMAL DEWEY
Número de clasificación PA 632.96 R4 1979
111 ## - ENTRADA PRINCIPAL--NOMBRE DE CONGRESO/REUNIÓN
Nombre de congreso/reunión o jurisdicción como elemento de entrada Reunión nacional de control biológico (7:1979:Veracruz, Ver.)
9 (RLIN) 96454
245 ## - MENCIÓN DE TÍTULO
Título Ponencias /
Mención de responsabilidad, etc. Dirección General de Sanidad Vegetal
260 ## - PUBLICACIÓN, DISTRIBUCIÓN, ETC.
Lugar de publicación, distribución, etc. Veracruz, Ver. :
Nombre del editor, distribuidor, etc. La Dirección
300 ## - DESCRIPCIÓN FÍSICA
Extensión 169 p.
650 ## - PUNTO DE ACCESO ADICIONAL DE MATERIA--TÉRMINO DE MATERIA
Término de materia o nombre geográfico como elemento de entrada Control biológico
Subdivisión general congresos
9 (RLIN) 164519
901 ## - ELEMENTOS DE DATOS A LOCAL LDA (RLIN)
a PA 632.96 R4 1979
902 ## - ELEMENTOS DE DATOS B LOCAL, LDB (RLIN)
a M
905 ## - ELEMENTOS DE DATOS E LOCAL, LDE (RLIN)
a 0000001979 ai 0000000000 00
910 ## - DATOS DE OPCIÓN DEL USUARIO (OCLC)
Datos de opción del usuario 1979
942 ## - ELEMENTOS DE PUNTO DE ACCESO ADICIONAL (KOHA)
Tipo de ítem Koha Parasitologia_
942 ## - ELEMENTOS DE PUNTO DE ACCESO ADICIONAL (KOHA)
Tipo de ítem Koha Parasitologia_
-- 1
Holdings
Estado de retiro Estado de pérdida Fuente del sistema de clasificación o colocación Estado dañado No para préstamo Código de colección Localización permanente Ubicación/localización actual Fecha de adquisición Número de inventario Total de préstamos Signatura topográfica completa Código de barras Fecha visto por última vez Número de copia Precio válido a partir de Tipo de ítem Koha Nota pública
    Dewey Decimal Classification     General Parasitologia Agricola Parasitologia Agricola 27/10/2005 (PA_8265) (No. UACh C/E)   PA 632.96 R4 1979 4102003075 25/01/2022 Ej.2 25/01/2022 Libro 3
    Dewey Decimal Classification     General Parasitologia Agricola Parasitologia Agricola 27/10/2005 (PA_8264) (No. UACh C/E)   PA 632.96 R4 1979 4102003074 25/01/2022 Ej.1 25/01/2022 Libro 3